000 01101nam a2200289Ia 4500
003 OSt
005 20220930090334.0
006 a|||||r|||| 00| 0
007 ta
008 220926b |||||||| |||| 00| 0 eng d
024 _a109276
037 _cTheses
040 _aCRL
_cCRL
_beng
041 _2eng
_aeng
100 _aRastogi Gaurav
_9542326
110 _aUniversity of Delhi. Faculty of Medical Sciences. Department of Orthopaedics
_9519703
245 0 _aComparison of surgical outcomes of modified bosworth screw fixation (Plain) and supplemented with coracoacromial ligament transfer in acute complete acromioclavicular dislocations
260 _c2010
300 _a71p.
_ap.
_ccm.
650 _aORTHOPEDICS
_9519704
700 _a Dr. Lalit Maini Gu.
_9538225
700 _a Dr. Mukesh Kalra Gu.
_9538204
700 _a Dr. V. K. Gautam Gu.
_9532646
700 _aUniversity of Delhi. Faculty of Medical Sciences. Department of Orthopaedics
_9519706
942 _cDIS
_2CC
999 _c880414
_d880414